000 005200000a22002170004500
003 LK-CoMWRAF
008 230817t ||||| |||| 00| 0 eng d
020 _a9559261185
040 _aLK-CoMWRAF
_dLK-CoMWRAF
_eLK-CoMWRAF
041 _aeng
082 _a340
_bTHI
100 _aThiruchandran, Selvi
245 _aSamoohak Kordpattu Thalathil Palnilai
_b
260 _aColombo
_bWERC
_c2000
300 _ap.155
650 _aFeminism
650 _aGender
650 _aTamil
650 _aWomen & Media
942 _cBK
999 _c145
_d145